|
|
|
|
| LEADER |
01012cam a2200265 7i4500 |
| 001 |
0000032229 |
| 005 |
20170426090000.0 |
| 007 |
##ta |
| 008 |
170426s2013 nyuab 000 0 eng |
| 020 |
# |
# |
|a 9781476735306
|
| 040 |
# |
# |
|a DLC
|
| 090 |
0 |
0 |
|a INDA 330.954
|b REI
|
| 245 |
0 |
0 |
|a REIMAGINING INDIA :
|b UNLOCKING THE POTENTIAL OF ASIA'S NEXT SUPERPOWER
|c Clay Chandler and Adil Zainulbhai, editors, McKinsey & Company.
|
| 264 |
# |
1 |
|a New York:
|b Simon & Schuster,
|c 2013.
|
| 300 |
# |
# |
|a 400 pages:
|b color illustrations, color maps;
|c 24 cm.
|
| 336 |
# |
# |
|a text
|2 rdacontent
|
| 337 |
# |
# |
|a unmediated
|2 rdamedia
|
| 338 |
# |
# |
|a volume
|2 rdacarrier
|
| 650 |
# |
0 |
|a Economic development --
|z India
|
| 651 |
# |
0 |
|a India --
|x Economic policy --
|y 21st century
|
| 651 |
# |
0 |
|a India --
|x Social conditions --
|y 21st century
|
| 651 |
# |
0 |
|a India --
|x Politics and government --
|y 21st century
|
| 700 |
1 |
# |
|a Chandler, Clay(
|d 1960-)
|
| 700 |
1 |
# |
|a Zainulbhai, Adil
|
| 999 |
|
|
|a B000035997
|b Book
|c Countries
|e Business Information Centre
|